000 00342nam a2200157Ia 4500
100 _aManza/Ramesh
650 _aDIP
942 _cBK
366 _f20
654 _aDIP
245 _aUnderstanding digital image processing using Matlab
260 _bSPD
_c2016
082 _a621.367
_bMAN
300 _a280
546 _aENGLISH
_cPAMPHALETS
999 _c21953
_d21953